000 00440nam a2200133Ia 4500
008 100328s9999 xx 000 0 und d
082 _b53599
100 _aबेडेकर विश्राम
245 _aनरो वा कुंजरो वा
260 _bदेशमुख आणि कं.
630 _aनरो वा कुंजरो वा
730 _aनरो वा कुंजरो वा
942 _cBOOK
999 _c540342
_d540339